|
|
|
|
| LEADER |
01456nam a2200337 i 4500 |
| 001 |
38386 |
| 003 |
BD-DhAAL |
| 005 |
20220413115205.0 |
| 008 |
220413t2018 couabd b 000 0 eng |
| 999 |
|
|
|c 43991
|d 43991
|
| 010 |
|
|
|a 2018043059
|
| 020 |
|
|
|a 9780878080854 (pbk.)
|
| 040 |
|
|
|a DLC
|b eng
|c DLC
|e rda
|d DLC
|d BD-DhAAL
|
| 042 |
|
|
|a pcc
|
| 050 |
0 |
0 |
|a BV4466
|b .R44 2018
|
| 082 |
0 |
0 |
|a 261.8/328
|2 23
|
| 245 |
0 |
0 |
|a Refugee diaspora :
|b missions amid the greatest humanitarian crisis of our times /
|c Sam George & Miriam Adeney, editors.
|
| 260 |
|
|
|a Littleton :
|b William Carey Publishing,
|c c2018
|
| 300 |
|
|
|a xxix, 174 pages :
|b illustrations, maps, charts ;
|c 23 cm.
|
| 504 |
|
|
|a Includes bibliographical references.
|
| 526 |
|
|
|a ARC (PPDM)
|
| 541 |
|
|
|a Karim International
|e 38386
|
| 650 |
|
0 |
|a Church work with refugees.
|9 48037
|
| 650 |
|
0 |
|a Emigration and immigration
|x Religious aspects
|x Christianity.
|9 48038
|
| 650 |
|
0 |
|a Missions.
|9 48039
|
| 700 |
1 |
|
|a George, Sam
|c (Christian writer),
|e editor.
|9 48040
|
| 700 |
1 |
|
|a Adeney, Miriam,
|d 1945-
|e editor.
|9 48041
|
| 776 |
0 |
8 |
|i Online version:
|t Refugee diaspora
|d Littleton : William Carey Publishing, 2018
|z 9780878080861
|w (DLC) 2018044727
|
| 852 |
|
|
|a Ayesha Abed Library
|c General Stacks
|
| 942 |
|
|
|2 ddc
|c BK
|
| 952 |
|
|
|0 0
|1 0
|2 ddc
|4 0
|6 261_832800000000000_REF
|7 0
|9 70413
|a BRACUL
|b BRACUL
|c GEN
|d 2022-04-07
|e Karim International
|g 1700.00
|l 0
|o 261.8328 REF
|p 3010038386
|r 2022-04-07
|t 1
|v 1700.00
|w 2022-04-07
|y BK
|